000 00327 a2200157 4500
001 179680
020 _a
040 _cMagnum
100 _aBandeira, Pedro
240 1 0 _aSem pe nem cabeca
_lpor
245 1 0 _aSem pe nem cabeca
362 0 _a1899
440 1 _aModerna
697 _aMAGNITO: IJ/PARADIDATICO
942 _cBK
999 _c179680
_d179680